00750nam a22002537i 4500001000800000003001000008007000500018008004100023040003500064041000800099043000700107084000700114110004600121245007000167264001100237300002300248336002700271337003300298338002800331500001500359650002700374650002000401773007500421B-12605CO-BoFNCPt|| 090928s2008 my a f z eng d aCO-BoFNCPbspacCO-BoFNCPerda aeng amy aA-2 aThe Incorporated Society of Planters, ISP10aEnhancing sustainability of plantation crops through integration. 4c©2008 apáginas 349-350. atextobtxt2rdacontent asin mediaciónbn2rdamedia avolumenbnc2rdacarrier aEditorial. 0aManejo de Plantaciones 0aSostenibilidad.0 aThe Planter (Malasia)gv. 84, no. 987 (2008), p.349-350wA-x0126-575x